Estudio documental sobre el bayle general de Valencia, su autoridad y jurisdicción

Bewaard in:
Bibliografische gegevens
Hoofdauteur: Piles Ros, Leopoldo (Auteur)
Formaat: Boek
Taal:Spaans
Gepubliceerd in: Valencia Institución Alfonso el Magnánimo 1970
Onderwerpen:
Tags: Voeg label toe
Geen labels, Wees de eerste die dit record labelt!

MARC

LEADER 00000nam a2200000 a 4500
001 UCR2548
003 CL-VaPUC
008 980112e19700000SP |||||||||||||||||spa|d
082 0 4 |a 349.46  |b PIL  |2 21 
100 0 |a Piles Ros, Leopoldo  |e author  |9 400464 
245 1 0 |a Estudio documental sobre el bayle general de Valencia, su autoridad y jurisdicción 
300 |a 390 p 
942 |c BK 
945 |d 19980112 00:00:00  |a crobeson 
260 |a Valencia  |b Institución Alfonso el Magnánimo  |c 1970 
650 0 |a Derecho español  |9 255291 
650 0 |a Historia del derecho  |9 255109 
651 0 |a España  |9 254926 
651 7 |a VALENCIA  |2 CL-VaPUC  |9 314193 
583 |a last modification  |c 19980112 00:00:00  |k Rodrigo Vera 
999 |c 265682  |d 265680 
952 |0 0  |1 0  |4 0  |6 349_460000000000000_PIL_1970  |7 0  |8 DER_HIS  |9 296699  |a BIBDER  |b BIBDER  |d 2019-11-20  |i 1924591  |o 349.46 PIL 1970  |p 1924591  |r 2023-01-25  |w 2019-11-20  |x Ubicación 4to Piso  |y BK  |z Estos recursos deben solicitarse con anticipación  |k DER